10 Biggest Cities In Belize - Statistics

General Stats
  • This quiz has been taken 12 times
  • The average score is 5 of 10
Answer Stats
Population City % Correct
61,461 Belize City
100%
13,381 Belmopan
100%
10,217 Dangriga
50%
15,298 Orange Walk
50%
26,151 San Ignacio
50%
6,027 Punta Gorda
38%
6,684 Benque Viejo el Carmen
25%
13,502 Corozal
25%
17,429 San Pedro Town
25%
5,458 Ladyville
13%
No matching quizzes found
Score Distribution
Percent of People with Each Score
Percentile by Number Answered
Your Score History
You have not taken this quiz